000 00404nam a22001457a 4500
020 _a9780669000313
082 _222
_a808.042
100 _aSebranek, Patrick ...[et al.].
245 _aWrite for college :
_ba student handbook /
260 _aEngland,
_bWrite Source,
_cc2007.
300 _axi, 628p. ;
_bill. ;
_c23 cm.
700 _aPatrick, Meyer,
700 _aand kemper, Dave.
942 _2ddc
_cENG
_01
999 _c2506
_d2506